000 003270000a22001090004500
090 _aAS
_bSeriadas
245 1 0 _aContribución al estudio de las Rapateaceas de Colombia
041 0 _aEspañol
100 1 _aGarcía Barriga, Hernando
_912170
942 _cARTICULO
773 1 _tMutisia: Acta Botánica Colombiana
_3893
_h22
_q1-15
_d1954
999 _c15272
_d15272